All CS:GO & CS2 Maps - Statistics

General Stats
  • This quiz has been taken 61 times
  • The average score is 14 of 38
Answer Stats
Hint Answer % Correct
Casual Dust
98%
Competitive Mirage
96%
Competitive Inferno
92%
Competitive Anubis
88%
Competitive Ancient
85%
Competitive Dust 2
85%
Competitive Nuke
85%
Competitive Train
81%
Competitive Vertigo
79%
Competitive Overpass
75%
Competitive Cache
63%
Competitive Office
60%
Competitive Cobblestone
58%
Casual Italy
58%
Wingman Lake
46%
Competitive Agency
33%
Casual Aztec
33%
Arms Race Baggage
29%
Arms Race Shoots
23%
Wingman Shortdust
21%
Casual Assault
19%
Demolition Bank
19%
Casual Militia
17%
Casual Canals
12%
Arms Race Monastery
12%
Arms Race Safehouse
10%
Competitive Tuscan
10%
Wingman Shortnuke
8%
Arms Race St. Marc
8%
Danger Zone Blacksite
6%
Arms Race Lunacy
4%
Flying Scoutsman Dizzy
2%
Danger Zone Sirocco
2%
Demolition Sugarcane
2%
Wingman Boyard
0%
Wingman Chalice
0%
Danger Zone Ember
0%
Danger Zone Vineyard
0%
No matching quizzes found
Score Distribution
Percent of People with Each Score
Percentile by Number Answered
Your Score History
You have not taken this quiz